000 00433nam a22001817a 4500
999 _c532153
_d532153
003 NUST
005 20191111134132.0
008 191111b ||||| |||| 00| 0 eng d
020 _a9642270684
024 _a978-9642270682
038 _aMSOHAIL
082 _a891.4393
100 _aMustansar Hussain Tarar
_99703
245 _aRaakh
260 _aLahore
_bSang-e-Meel Publications
_cc2012
300 _ap;588
942 _2ddc
_cBK